Detalles MARC
| 000 -LIDER |
| fixed length control field |
01162nam a2200325Ia 4500 |
| 001 - NÚMERO DE CONTROL |
| Identificador de número de control |
|
| 003 - IDENTIFICACDOR DE NÚMERO DE CONTROL |
| control field |
DO-SdBNP |
| 005 - DATE AND TIME OF LATEST TRANSACTION |
| control field |
20211005085131.0 |
| 008 - ELEMENTOS DE LONGITUD FIJA |
| fixed length control field |
140604s2005 dr 000 0 und d |
| 020 ## - ISBN |
| International Standard Book Number |
9993442399 |
| 040 ## - FUENTE DE CATALOGACIÓN |
| Agencia que crea de manera original el registro |
BPMSU |
| Idioma de catalogación |
spa |
| Agencia que realiza la transcripción |
BPMSU |
| 082 ## - NÚMERO DE CLASIFICACIÓN DECIMAL DE DEWEY |
| Classification number |
RD861.08 |
| Item number |
P419p 2005 |
| Edition number |
22 |
| 100 1# - ASIENTO PRINCIPAL -- NOMBRE PERSONAL |
| Nombre personal |
Peña, Enegildo |
| Fechas asociadas con el nombre |
1965- |
| 245 ## - MENCIÓN DE TITULO |
| Título |
La Poesía contemporánea de Santiago : |
| Subtítulo |
(antología: 1977-2005) / |
| Mención de responsabilidad |
prólogo Leoón David ; coodinador Dalis gonzáles |
| 246 14 - VARIACION DEL TÍTULO |
| Título propiamente dicho o título corto |
La poesía contemporánea de Santiago |
| 260 ## - PUBLICACIÓN, DISTRIBUCIÓN, ETC. (PIE DE IMPRENTA) |
| Lugar de publicación, distribución, etc |
Santo Domingo : |
| Nombre del editor, distribuidor, etc. |
FERILIBRO, |
| Fecha de publicación, distribución, etc |
2005 |
| 300 ## - DESCRIPCIÓN FÍSICA |
| Extensión |
244 p. ; |
| Dimensiones |
23 cm. |
| 490 0# - MENCIÓN DE SERIES |
| Mención de serie |
Ediciones Ferilibro, |
| Volume/sequential designation |
74 |
| 504 ## - NOTA DE BIBLIOGRAFÍA, ETC. |
| Bibliography, etc |
Contiene Biografía. |
| 650 #4 - ENCABEZAMIENTO DE MATERIA--TEMÁTICO |
| Término temático o nombre geográfico como elemento de entrada |
Poesía dominicana |
| Subdivisión de forma |
Colecciones |
| 650 #4 - ENCABEZAMIENTO DE MATERIA--TEMÁTICO |
| Término temático o nombre geográfico como elemento de entrada |
Autores dominicanos |
| Subdivisión temática general |
Historia y crítica |
| Fuente del encabezamiento o término |
|
| 650 #4 - ENCABEZAMIENTO DE MATERIA--TEMÁTICO |
| Término temático o nombre geográfico como elemento de entrada |
Literatura dominicana |
| Subdivisión temática general |
Historia y crítica |
| 700 1# - ASIENTO SECUNDARIO -- NOMBRE PERSONAL |
| Nombre personal |
gonzáles, Dalis |
| Mención de responsabilidad |
coordinador |
| 700 1# - ASIENTO SECUNDARIO -- NOMBRE PERSONAL |
| Nombre personal |
David, Leoón |
| Mención de responsabilidad |
pról. |
| 710 2# - ASIENTO SECUNDARIO -- NOMBRE CORPORATIVO |
| Nombre corporativo o de jurisdicción |
Dirección General de la Feria del Libro (República Dominicana ) |
| 856 ## - UBICACIÓN ELECTRÓNICA Y ACCESO |
| Materiales especificados |
Archivo Digital Biblioteca Nacional |
| 856 ## - UBICACIÓN ELECTRÓNICA Y ACCESO |
| Identificador Uniforme del Recurso (“URI”) |
biblio.bnphu.gob.do/Archivos_Digitales/PDF |
| 910 ## - VALIDACIÓN |
| Validación |
VMateo V. |
| 942 ## - ADDED ENTRY ELEMENTS (KOHA) |
| Source of classification or shelving scheme |
Dewey Decimal Classification |
| Koha item type |
Libros |